000 00301nam a22001097a 4500
082 _a355.02 HEN'H
100 _aHENRIQUES, ROBERT
_957653
245 _aA HUNDERED HOURS TO SUEZ AN ACCOUNT OF ISRAEL'S CAMPAIGN IN THE SINAI PENINSULE
260 _aNEWYORK
_bVIKING
_c1957
300 _a206P
942 _cBK
999 _c567925
_d567925